[Event "Fancy Lake Veranda"]
[Site "Fancy Lake CAN"]
[Date "2013.08.03"]
[Round "1"]
[White "Kenney, David"]
[Black "Pentz, Brian"]
[Result "1/2-1/2"]
[WhiteElo "1895"]
[BlackElo "1906"]
[PlyCount "104"]
[GameId "2160767909296900"]
[EventDate "2013.08.03"]
[EventType "tourn"]
[EventRounds "5"]
[EventCountry "CAN"]
[SourceTitle "EXT 2022"]
[Source "ChessBase"]
[SourceDate "2021.10.06"]
[SourceVersion "1"]
[SourceVersionDate "2021.10.06"]
[SourceQuality "1"]

1. d4 Nf6 2. Nf3 d6 3. c4 Nbd7 4. Nc3 e5 5. d5 Be7 6. e4 Nc5 7. Qc2 a5 8. h3 Bd7 9. Be3 b6 10. Be2 O-O 11. O-O Qc8 12. Kh2 c6 13. Rac1 Qb7 14. Nd2 Rac8 15. Qd1 cxd5 16. cxd5 Rfe8 17. f3 Bf8 18. g4 g6 19. Qe1 Kg7 20. Qg3 b5 21. Rce1 b4 22. Nd1 Bb5 23. Bxb5 Qxb5 24. Nf2 Ncd7 25. f4 Rc2 26. fxe5 Nxe5 27. Bg5 Nfd7 28. Kh1 h6 29. Bf4 g5 30. Be3 f6 31. h4 Be7 32. Nb3 Rxb2 33. Nd4 Qb8 34. Ne6+ Kg6 35. Qh3 Rh8 36. h5+ Kh7 37. Nd1 Rxa2 38. Bc1 Qc8 39. Ne3 Qc3 40. Qg3 Nc5 41. Nxc5 Qxc5 42. Rf2 Rxf2 43. Qxf2 Qc8 44. Nf5 Qd7 45. Rg1 Rc8 46. Nxe7 Rxc1 47. Rxc1 Qxe7 48. Qf5+ Kg7 49. Qc8 Nd7 50. Rc7 Qxe4+ 51. Kh2 Qe2+ 52. Kh3 Qf3+ 1/2-1/2

[Event "Fancy Lake Veranda"]
[Site "Fancy Lake CAN"]
[Date "2013.08.03"]
[Round "2"]
[White "Charlton, Glenn"]
[Black "Kenney, David"]
[Result "1-0"]
[WhiteElo "1986"]
[BlackElo "1895"]
[PlyCount "73"]
[GameId "2160767909296901"]
[EventDate "2013.08.03"]
[EventType "tourn"]
[EventRounds "5"]
[EventCountry "CAN"]
[SourceTitle "EXT 2022"]
[Source "ChessBase"]
[SourceDate "2021.10.06"]
[SourceVersion "1"]
[SourceVersionDate "2021.10.06"]
[SourceQuality "1"]

1. d4 d5 2. Bf4 Nf6 3. e3 e6 4. Nd2 Be7 5. c3 O-O 6. Bd3 c5 7. h4 Nc6 8. Ngf3 b6 9. g4 cxd4 10. exd4 e5 11. dxe5 Nxg4 12. Qe2 f5 13. Nb3 Bc5 14. Nbd4 Nxd4 15. Nxd4 Bxd4 16. cxd4 Re8 17. Bg5 Nf6 18. Rg1 Kh8 19. h5 h6 20. Bxf6 gxf6 21. Qe3 Re7 22. Rg6 fxe5 23. Rxh6+ Rh7 24. Qxe5+ Kg8 25. Rg6+ Kf8 26. Kd2 Qe7 27. Rf6+ Ke8 28. Re1 Qxe5 29. Rxe5+ Kd8 30. Rf8+ Kc7 31. Rxc8+ Rxc8 32. Bxf5 Rxh5 33. Bxc8 Rxe5 34. dxe5 Kxc8 35. Kd3 Kd7 36. Kd4 Ke6 37. f4 1-0

[Event "Fancy Lake Veranda"]
[Site "Fancy Lake CAN"]
[Date "2013.08.03"]
[Round "2"]
[White "Giacomin, Gordon"]
[Black "Naugler, Rex"]
[Result "1/2-1/2"]
[WhiteElo "1915"]
[BlackElo "1776"]
[PlyCount "43"]
[GameId "2160767909296902"]
[EventDate "2013.08.03"]
[EventType "tourn"]
[EventRounds "5"]
[EventCountry "CAN"]
[SourceTitle "EXT 2022"]
[Source "ChessBase"]
[SourceDate "2021.10.06"]
[SourceVersion "1"]
[SourceVersionDate "2021.10.06"]
[SourceQuality "1"]

1. e4 e6 2. d4 d5 3. Nd2 c5 4. exd5 Qxd5 5. Ngf3 cxd4 6. Bc4 Qd6 7. O-O Nf6 8. Nb3 Nc6 9. Nbxd4 Nxd4 10. Qxd4 Bd7 11. Bf4 Qxd4 12. Nxd4 a6 13. Rfe1 Be7 14. Rad1 O-O 15. Nf3 Rad8 16. Ne5 Bc8 17. Bb3 Rxd1 18. Rxd1 Rd8 19. Rxd8+ Bxd8 20. Nc4 b5 21. Ne5 Bb7 22. Nd3 1/2-1/2

[Event "Fancy Lake Veranda"]
[Site "Fancy Lake CAN"]
[Date "2013.08.03"]
[Round "2"]
[White "Wysocki, Antoni"]
[Black "Pentz, Brian"]
[Result "1-0"]
[WhiteElo "2220"]
[BlackElo "1906"]
[PlyCount "111"]
[GameId "2160767909296903"]
[EventDate "2013.08.03"]
[EventType "tourn"]
[EventRounds "5"]
[EventCountry "CAN"]
[SourceTitle "EXT 2022"]
[Source "ChessBase"]
[SourceDate "2021.10.06"]
[SourceVersion "1"]
[SourceVersionDate "2021.10.06"]
[SourceQuality "1"]

1. c4 Nf6 2. Nc3 d6 3. g3 e5 4. Bg2 Be7 5. Nf3 Nc6 6. d4 exd4 7. Nxd4 Nxd4 8. Qxd4 O-O 9. O-O c6 10. b3 Qc7 11. Bb2 Be6 12. Rac1 Qd7 13. Rfd1 Rfd8 14. Rd2 Ne8 15. Rcd1 Bf6 16. Qe3 Qe7 17. Ba3 Qc7 18. Ne4 Be7 19. Qf4 Qa5 20. Bb2 Rd7 21. Bc3 Qf5 22. Bb4 Qxf4 23. gxf4 Rad8 24. Ng5 Bxg5 25. fxg5 d5 26. cxd5 cxd5 27. Rc1 f6 28. h4 Kf7 29. f4 Bf5 30. Bf3 g6 31. Rcd1 Nc7 32. Bc3 fxg5 33. hxg5 Ke6 34. Bf6 Rc8 35. Be5 Ke7 36. Bxc7 Rcxc7 37. Rxd5 Rxd5 38. Rxd5 Rc1+ 39. Kf2 b6 40. Rd2 Be6 41. Be4 a5 42. Rc2 Rxc2 43. Bxc2 Kd6 44. e4 Bf7 45. Ke3 Kc5 46. a3 b5 47. Bd1 b4 48. a4 Be6 49. Bc2 Bf7 50. f5 Be8 51. Bd1 Bf7 52. Kf4 Kd4 53. e5 gxf5 54. Kxf5 Kc3 55. e6 Bg6+ 56. Ke5 1-0

[Event "Fancy Lake Veranda"]
[Site "Fancy Lake CAN"]
[Date "2013.08.03"]
[Round "3"]
[White "Naugler, Rex"]
[Black "Kenney, David"]
[Result "1-0"]
[WhiteElo "1776"]
[BlackElo "1895"]
[PlyCount "69"]
[GameId "2160767909296904"]
[EventDate "2013.08.03"]
[EventType "tourn"]
[EventRounds "5"]
[EventCountry "CAN"]
[SourceTitle "EXT 2022"]
[Source "ChessBase"]
[SourceDate "2021.10.06"]
[SourceVersion "1"]
[SourceVersionDate "2021.10.06"]
[SourceQuality "1"]

1. d4 Nf6 2. Bf4 g6 3. e3 Bg7 4. Nd2 d6 5. Bd3 Nbd7 6. c3 e5 7. Bg5 h6 8. Bh4 d5 9. f3 O-O 10. Ne2 c5 11. O-O b6 12. Bb5 g5 13. Bg3 Bb7 14. dxe5 Nh5 15. e6 fxe6 16. Bd6 Rf7 17. Bd3 Ne5 18. Bxe5 Bxe5 19. Bg6 Nf6 20. Bxf7+ Kxf7 21. f4 Bc7 22. fxg5 hxg5 23. Ng3 Kg6 24. Qc2+ Kg7 25. Rxf6 Kxf6 26. Qh7 Ke5 27. e4 Kd6 28. exd5 Bxd5 29. c4 Bb7 30. Rd1 Qc8 31. Nf3+ Bd5 32. cxd5 exd5 33. Nf5+ Ke6 34. Qg6+ Kd7 35. Rxd5+ 1-0

[Event "Fancy Lake Veranda"]
[Site "Fancy Lake CAN"]
[Date "2013.08.03"]
[Round "3"]
[White "Pentz, Brian"]
[Black "Giacomin, Gordon"]
[Result "1/2-1/2"]
[WhiteElo "1906"]
[BlackElo "1915"]
[PlyCount "111"]
[GameId "2160767909296905"]
[EventDate "2013.08.03"]
[EventType "tourn"]
[EventRounds "5"]
[EventCountry "CAN"]
[SourceTitle "EXT 2022"]
[Source "ChessBase"]
[SourceDate "2021.10.06"]
[SourceVersion "1"]
[SourceVersionDate "2021.10.06"]
[SourceQuality "1"]

1. g3 Nf6 2. Bg2 c5 3. e4 Nc6 4. d3 d5 5. Nd2 Bg4 6. f3 Bd7 7. Ne2 e5 8. exd5 Nxd5 9. Nc4 b5 10. Ne3 Nxe3 11. Bxe3 Rc8 12. O-O Be7 13. Nc3 Nd4 14. Nd5 Bd6 15. Qd2 O-O 16. c3 Nf5 17. Bf2 Be6 18. Ne3 Qc7 19. a4 a6 20. axb5 axb5 21. Ra6 Ra8 22. Rxa8 Rxa8 23. f4 Nxe3 24. Bxe3 Rd8 25. f5 Bb3 26. f6 Bf8 27. fxg7 Bxg7 28. Qf2 Bd5 29. Bxc5 Bxg2 30. Bb6 Qb7 31. Bxd8 Bxf1 32. Qxf1 b4 33. Bg5 bxc3 34. bxc3 Qc6 35. Qe1 Qd5 36. Qd2 Bf8 37. Be3 Bd6 38. c4 Qb7 39. c5 Qb1+ 40. Kg2 Qb7+ 41. Kf2 Be7 42. Qc1 Qc6 43. Kg1 Kf8 44. d4 exd4 45. Bxd4 Ke8 46. Qc2 h6 47. Qf5 Qe6 48. Qb1 Qc6 49. Qb8+ Kd7 50. Qb6 Qe4 51. Bf2 Qd5 52. Qb5+ Ke6 53. Qa6+ Kd7 54. Qa4+ Kc7 55. Qd4 Kc6 56. Qa4+ 1/2-1/2

[Event "Fancy Lake Veranda"]
[Site "Fancy Lake CAN"]
[Date "2013.08.03"]
[Round "3"]
[White "Wysocki, Antoni"]
[Black "Charlton, Glenn"]
[Result "0-1"]
[WhiteElo "2220"]
[BlackElo "1986"]
[PlyCount "54"]
[GameId "2160767909296906"]
[EventDate "2013.08.03"]
[EventType "tourn"]
[EventRounds "5"]
[EventCountry "CAN"]
[SourceTitle "EXT 2022"]
[Source "ChessBase"]
[SourceDate "2021.10.06"]
[SourceVersion "1"]
[SourceVersionDate "2021.10.06"]
[SourceQuality "1"]

1. Nf3 g6 2. c4 c5 3. Nc3 Nc6 4. e3 Bg7 5. d4 Nf6 6. d5 Nb8 7. e4 d6 8. Be2 O-O 9. O-O e6 10. Nd2 Re8 11. Kh1 Na6 12. f4 exd5 13. cxd5 Rb8 14. Qc2 Bd7 15. a4 Nb4 16. Qd1 b6 17. Bf3 a6 18. Nc4 Bc8 19. e5 dxe5 20. fxe5 Nd7 21. e6 fxe6 22. dxe6 Nf6 23. Qxd8 Rxd8 24. e7 Rd4 25. Be3 Rxc4 26. Bd5+ Nbxd5 27. Nxd5 Bf5 0-1

[Event "Fancy Lake Veranda"]
[Site "Fancy Lake CAN"]
[Date "2013.08.04"]
[Round "4"]
[White "Giacomin, Gordon"]
[Black "Charlton, Glenn"]
[Result "1/2-1/2"]
[WhiteElo "1915"]
[BlackElo "1986"]
[PlyCount "82"]
[GameId "2160767909296907"]
[EventDate "2013.08.03"]
[EventType "tourn"]
[EventRounds "5"]
[EventCountry "CAN"]
[SourceTitle "EXT 2022"]
[Source "ChessBase"]
[SourceDate "2021.10.06"]
[SourceVersion "1"]
[SourceVersionDate "2021.10.06"]
[SourceQuality "1"]

1. e4 c5 2. Nf3 g6 3. d4 cxd4 4. Nxd4 Nc6 5. Be2 Bg7 6. Be3 Nf6 7. Nc3 O-O 8. O-O d5 9. exd5 Nb4 10. d6 Qxd6 11. Ncb5 Qb8 12. c3 Nbd5 13. Bc1 a6 14. Na3 e5 15. Nf3 Bf5 16. Bc4 Rd8 17. Qe2 Re8 18. Rd1 e4 19. Ng5 Bg4 20. Qd2 e3 21. fxe3 Bxd1 22. Bxd5 Nxd5 23. Qxd5 Qe5 24. Qxf7+ Kh8 25. Qf4 Qxf4 26. exf4 h6 27. Bd2 Bg4 28. Nf7+ Kg8 29. Ne5 Rad8 30. Be3 Bf5 31. Bd4 g5 32. g3 gxf4 33. gxf4 Be6 34. Kf2 Rf8 35. Ke3 Rf5 36. Nc2 Rh5 37. Rg1 Kh7 38. Rg2 Rg8 39. Rf2 Bxa2 40. Nb4 Be6 41. Ned3 Bd5 1/2-1/2

[Event "Fancy Lake Veranda"]
[Site "Fancy Lake CAN"]
[Date "2013.08.04"]
[Round "4"]
[White "Pentz, Brian"]
[Black "Naugler, Rex"]
[Result "1/2-1/2"]
[WhiteElo "1906"]
[BlackElo "1776"]
[PlyCount "51"]
[GameId "2160767909296908"]
[EventDate "2013.08.03"]
[EventType "tourn"]
[EventRounds "5"]
[EventCountry "CAN"]
[SourceTitle "EXT 2022"]
[Source "ChessBase"]
[SourceDate "2021.10.06"]
[SourceVersion "1"]
[SourceVersionDate "2021.10.06"]
[SourceQuality "1"]

1. g3 d5 2. Bg2 Nf6 3. d3 c6 4. Nd2 Bg4 5. f3 Bh5 6. e4 dxe4 7. dxe4 e5 8. Ne2 Bc5 9. Nc3 O-O 10. Qe2 Na6 11. Nc4 Qe7 12. Ne3 Bd4 13. Bd2 Bg6 14. a3 Rfd8 15. O-O Rd7 16. Kh1 Rad8 17. Rfd1 Bb6 18. Bh3 Rd4 19. Nc4 Nc5 20. Bg2 Bc7 21. b4 Ne6 22. Be3 Rxd1+ 23. Rxd1 Rxd1+ 24. Qxd1 b5 25. Nb2 Bb6 26. Bxb6 1/2-1/2

[Event "Fancy Lake Veranda"]
[Site "Fancy Lake CAN"]
[Date "2013.08.04"]
[Round "4"]
[White "Wysocki, Antoni"]
[Black "Kenney, David"]
[Result "1-0"]
[WhiteElo "2220"]
[BlackElo "1895"]
[PlyCount "51"]
[GameId "2160767909296909"]
[EventDate "2013.08.03"]
[EventType "tourn"]
[EventRounds "5"]
[EventCountry "CAN"]
[SourceTitle "EXT 2022"]
[Source "ChessBase"]
[SourceDate "2021.10.06"]
[SourceVersion "1"]
[SourceVersionDate "2021.10.06"]
[SourceQuality "1"]

1. Nf3 Nf6 2. c4 c5 3. g3 g6 4. Bg2 Bg7 5. O-O O-O 6. d4 cxd4 7. Nxd4 Nc6 8. Nc3 a6 9. c5 e5 10. Nb3 Qe7 11. Bg5 Qe6 12. Bxf6 Qxf6 13. Nd5 Qd8 14. Nb6 Rb8 15. Qd6 Qe7 16. Rad1 Qxd6 17. Rxd6 Nd4 18. Nxd4 exd4 19. b4 Re8 20. Nxc8 Rbxc8 21. Bxb7 Rb8 22. Rxd7 Rxe2 23. Bxa6 Rxa2 24. b5 Rc2 25. c6 Be5 26. f4 1-0

[Event "Fancy Lake Veranda"]
[Site "Fancy Lake CAN"]
[Date "2013.08.04"]
[Round "5"]
[White "Charlton, Glenn"]
[Black "Pentz, Brian"]
[Result "1/2-1/2"]
[WhiteElo "1986"]
[BlackElo "1906"]
[PlyCount "48"]
[GameId "2160767909296910"]
[EventDate "2013.08.03"]
[EventType "tourn"]
[EventRounds "5"]
[EventCountry "CAN"]
[SourceTitle "EXT 2022"]
[Source "ChessBase"]
[SourceDate "2021.10.06"]
[SourceVersion "1"]
[SourceVersionDate "2021.10.06"]
[SourceQuality "1"]

1. e4 g6 2. d4 Bg7 3. Nf3 c5 4. dxc5 Qa5+ 5. c3 Qxc5 6. Na3 d6 7. Nb5 Na6 8. Be3 Qh5 9. Nxa7 Bd7 10. Qb3 Nc5 11. Bxc5 Qxc5 12. Nb5 Nf6 13. Bc4 O-O 14. O-O Nxe4 15. Rae1 d5 16. Bxd5 Bxb5 17. Rxe4 Bxf1 18. Kxf1 e6 19. Bxb7 Rab8 20. Rb4 Rfd8 21. a4 Qd6 22. a5 Qd3+ 23. Ke1 Qb1+ 24. Ke2 Qd3+ 1/2-1/2

[Event "Fancy Lake Veranda"]
[Site "Fancy Lake CAN"]
[Date "2013.08.04"]
[Round "5"]
[White "Kenney, David"]
[Black "Giacomin, Gordon"]
[Result "1/2-1/2"]
[WhiteElo "1895"]
[BlackElo "1915"]
[PlyCount "81"]
[GameId "2160767909296911"]
[EventDate "2013.08.03"]
[EventType "tourn"]
[EventRounds "5"]
[EventCountry "CAN"]
[SourceTitle "EXT 2022"]
[Source "ChessBase"]
[SourceDate "2021.10.06"]
[SourceVersion "1"]
[SourceVersionDate "2021.10.06"]
[SourceQuality "1"]

1. d4 Nf6 2. Nf3 e6 3. e3 b6 4. Bd3 Bb7 5. Nbd2 c5 6. O-O Nc6 7. c3 Be7 8. e4 cxd4 9. cxd4 Nb4 10. Bb1 Ba6 11. Re1 Nd3 12. Re3 Nxc1 13. Qxc1 Rc8 14. Qd1 Bb7 15. Bd3 O-O 16. Rc1 Rxc1 17. Qxc1 Qc8 18. Qd1 Qc7 19. Re1 Rc8 20. e5 Nd5 21. a3 Nf4 22. Bf1 Qc2 23. Qxc2 Rxc2 24. Rb1 Bd5 25. g3 Ng6 26. Bd3 Rc7 27. Ne4 f5 28. Ned2 d6 29. Re1 dxe5 30. dxe5 Kf7 31. h4 Nf8 32. Ng5+ Kg6 33. f4 Bc5+ 34. Kf1 Bd4 35. b4 Bb2 36. Nb1 Rc1 37. Rxc1 Bxc1 38. Be2 h5 39. a4 Bb2 40. Bb5 Ba2 41. Bd3 1/2-1/2

[Event "Fancy Lake Veranda"]
[Site "Fancy Lake CAN"]
[Date "2013.08.04"]
[Round "5"]
[White "Naugler, Rex"]
[Black "Wysocki, Antoni"]
[Result "0-1"]
[WhiteElo "1776"]
[BlackElo "2220"]
[PlyCount "82"]
[GameId "2160767909296912"]
[EventDate "2013.08.03"]
[EventType "tourn"]
[EventRounds "5"]
[EventCountry "CAN"]
[SourceTitle "EXT 2022"]
[Source "ChessBase"]
[SourceDate "2021.10.06"]
[SourceVersion "1"]
[SourceVersionDate "2021.10.06"]
[SourceQuality "1"]

1. d4 Nf6 2. Bf4 g6 3. e3 Bg7 4. Nf3 O-O 5. Be2 c5 6. O-O Qb6 7. Nc3 cxd4 8. exd4 d5 9. Na4 Qa5 10. c3 b5 11. Nc5 b4 12. cxb4 Qxb4 13. a3 Qb6 14. b4 Nbd7 15. Rc1 Ne4 16. Ne5 Nxe5 17. dxe5 Rd8 18. Na4 Qe6 19. f3 g5 20. Be3 Nd6 21. f4 Nf5 22. Nc5 Qg6 23. Bd2 Qb6 24. Bd3 g4 25. Qc2 Qg6 26. g3 Qh5 27. Rf2 Nd4 28. Qd1 Nf3+ 29. Kh1 Bf5 30. Be2 Be4 31. Nxe4 dxe4 32. Bxf3 gxf3 33. Qe1 Rd4 34. Be3 Rd3 35. Bc5 Qf5 36. Rd1 Rad8 37. Rfd2 Qh3 38. Qf2 Rxd2 39. Rxd2 Rxd2 40. Qxd2 Qf1+ 41. Bg1 e3 0-1

[Event "Fort McMurray op"]
[Site "Fort McMurray CAN"]
[Date "2013.07.07"]
[Round "4"]
[White "Kraus, Bill"]
[Black "Van den Born, Ico"]
[Result "1/2-1/2"]
[WhiteElo "1493"]
[BlackElo "1789"]
[PlyCount "111"]
[GameId "2160767909339163"]
[EventDate "2013.07.05"]
[EventType "swiss"]
[EventRounds "5"]
[EventCountry "CAN"]

1. d4 Nf6 2. e3 d5 3. Bd3 e6 4. Nd2 c5 5. c3 Nc6 6. f4 Bd7 7. Ngf3 cxd4 8. exd4 h5 9. O-O Ng4 10. Qe2 Be7 11. Ne5 f5 12. Ng6 Rh6 13. Nxe7 Qxe7 14. Nf3 Nf6 15. b3 Ne4 16. Qc2 Rc8 17. a3 Qf6 18. Be3 Na5 19. c4 b5 20. c5 Rb8 21. Bxe4 dxe4 22. Ne5 Nc6 23. Qd2 Rh7 24. Rfd1 g6 25. Nxd7 Rxd7 26. Qf2 Rbd8 27. Ra2 Nxd4 28. Rad2 Nc6 29. Rxd7 Rxd7 30. Rxd7 Qa1+ 31. Qf1 Qxf1+ 32. Kxf1 Kxd7 33. b4 a6 34. Ke2 Ne7 35. g3 Kc6 36. Kd2 Kd5 37. Kc3 Nc6 38. Bf2 Ne7 39. Bd4 Nc6 40. Be3 e5 41. h3 Nd8 42. fxe5 Kxe5 43. Bf4+ Kd5 44. h4 Nc6 45. Be3 Ne5 46. Bc1 Nf3 47. Be3 Nh2 48. Bf2 Ng4 49. Be1 Ne3 50. Bd2 Nc4 51. Bc1 Ne5 52. Bd2 Nc6 53. Be3 Nd8 54. Bf4 Ne6 55. Be3 Ke5 56. Bf4+ 1/2-1/2

[Event "Fort McMurray op"]
[Site "Fort McMurray CAN"]
[Date "2013.07.07"]
[Round "4"]
[White "Rakhson, Vladimir"]
[Black "Gardner, Robert"]
[Result "1-0"]
[WhiteElo "2224"]
[BlackElo "2294"]
[PlyCount "117"]
[GameId "2160767909339164"]
[EventDate "2013.07.05"]
[EventType "swiss"]
[EventRounds "5"]
[EventCountry "CAN"]

1. e4 g6 2. d4 Bg7 3. Nc3 d6 4. Be3 c6 5. f4 Nd7 6. Nf3 e5 7. Qd2 Qe7 8. O-O-O b5 9. d5 b4 10. dxc6 bxc3 11. cxd7+ Bxd7 12. Qxc3 Nf6 13. fxe5 Nxe4 14. Qb4 d5 15. Qb7 O-O 16. Rxd5 Rfd8 17. Bd3 Rab8 18. Qa6 Qb4 19. Bd4 Bh6+ 20. Kb1 Nc3+ 21. Bxc3 Qxc3 22. Bb5 Bxb5 23. Rxd8+ Rxd8 24. Qxb5 Qc7 25. Qe2 Rb8 26. Rd1 Bg7 27. Qe3 Re8 28. Rd5 f6 29. Qb3 Kh8 30. Qb5 Rc8 31. Qd3 fxe5 32. Rd7 Qc5 33. Rd8+ Bf8 34. Rxc8 Qxc8 35. Nxe5 Qc5 36. Nf3 Qe7 37. a4 Bg7 38. Qd5 h6 39. c3 Kh7 40. h4 Qe8 41. a5 Qa4 42. h5 g5 43. Qd3+ Kh8 44. Qd8+ Kh7 45. Qd3+ Kh8 46. Nd4 Qxa5 47. Ne6 Qe5 48. Qg6 Bf6 49. Qxh6+ Kg8 50. Qg6+ Kh8 51. Qe8+ Kh7 52. Nf8+ Kg7 53. Ne6+ Kh7 54. Nf8+ Kg7 55. h6+ Kg8 56. h7+ Kg7 57. h8=Q+ Kxh8 58. Ng6+ Kg7 59. Nxe5 1-0

[Event "Fort McMurray op"]
[Site "Fort McMurray CAN"]
[Date "2013.07.07"]
[Round "4"]
[White "Razzaq, Ali"]
[Black "Abad, Arden Troy"]
[Result "0-1"]
[WhiteElo "1912"]
[BlackElo "1740"]
[PlyCount "58"]
[GameId "2160767909339165"]
[EventDate "2013.07.05"]
[EventType "swiss"]
[EventRounds "5"]
[EventCountry "CAN"]

1. Nf3 Nf6 2. c4 c6 3. g3 d5 4. Bg2 Bg4 5. O-O e6 6. Qc2 Nbd7 7. d3 Bd6 8. b3 e5 9. Nbd2 O-O 10. Bb2 Re8 11. Rfd1 Nf8 12. Rac1 Qd7 13. Bc3 Ng6 14. Qb2 d4 15. Nxd4 exd4 16. Bxd4 Be5 17. Bxe5 Rxe5 18. Nf3 Rh5 19. d4 Re8 20. Ne5 Qe6 21. Nxg4 Nxg4 22. h3 Nxf2 23. Kxf2 Qe3+ 24. Kf1 Qxg3 25. Rd3 Rf5+ 26. Bf3 Qxh3+ 27. Kf2 Nh4 28. Rg1 Qh2+ 29. Kf1 Nxf3 0-1

[Event "Fort McMurray op"]
[Site "Fort McMurray CAN"]
[Date "2013.07.07"]
[Round "5"]
[White "Abad, Arden Troy"]
[Black "Rekhson, Vladislav"]
[Result "0-1"]
[WhiteElo "1740"]
[BlackElo "2224"]
[PlyCount "58"]
[GameId "2160767909339167"]
[EventDate "2013.07.05"]
[EventType "swiss"]
[EventRounds "5"]
[EventCountry "CAN"]

1. e4 e5 2. Nf3 Nc6 3. d4 exd4 4. Nxd4 Bc5 5. Be3 Qf6 6. c3 Nge7 7. Bc4 O-O 8. O-O Bb6 9. f4 d6 10. Kh1 d5 11. e5 Qh4 12. Bd3 Nxd4 13. cxd4 Nf5 14. Bxf5 Bxf5 15. Nc3 c6 16. Qf3 Ba5 17. Na4 f6 18. Qf2 Qg4 19. a3 fxe5 20. dxe5 Bd3 21. Rfd1 d4 22. Rxd3 dxe3 23. Qxe3 Rxf4 24. h3 Qf5 25. e6 Rxa4 26. b4 Bxb4 27. Rad1 Be7 28. Rd7 Re4 29. Qb3 Qxe6 0-1

[Event "Fort McMurray op"]
[Site "Fort McMurray CAN"]
[Date "2013.07.07"]
[Round "5"]
[White "Gardner, Robert"]
[Black "Riesen, Stuart"]
[Result "1-0"]
[WhiteElo "2294"]
[BlackElo "1353"]
[PlyCount "39"]
[GameId "2160767909339168"]
[EventDate "2013.07.05"]
[EventType "swiss"]
[EventRounds "5"]
[EventCountry "CAN"]

1. e4 e5 2. f4 exf4 3. Nf3 Nc6 4. d4 g5 5. h4 f6 6. hxg5 fxg5 7. d5 Nb8 8. Qd4 Qf6 9. e5 Qg7 10. Nc3 a6 11. Ne4 h6 12. Bd2 Ne7 13. Nf6+ Kd8 14. Bd3 Ng6 15. Ba5 d6 16. Nh5 dxe5 17. Qc3 Qf7 18. Bxg6 Bb4 19. Bxf7 Bxc3+ 20. Bxc3 1-0

[Event "Fort McMurray op"]
[Site "Fort McMurray CAN"]
[Date "2013.07.07"]
[Round "5"]
[White "Kalaydin, Oleksandr"]
[Black "Booker, Brad"]
[Result "1-0"]
[WhiteElo "2139"]
[BlackElo "2205"]
[PlyCount "65"]
[GameId "2160767909339169"]
[EventDate "2013.07.05"]
[EventType "swiss"]
[EventRounds "5"]
[EventCountry "CAN"]

1. c4 Nf6 2. Nc3 g6 3. g3 Bg7 4. Bg2 O-O 5. d3 e5 6. e3 d6 7. Nge2 c6 8. O-O Nbd7 9. Rb1 Nc5 10. b4 Ne6 11. e4 Nh5 12. b5 Bd7 13. Ba3 Qc7 14. Bb4 f5 15. f4 Rf7 16. exf5 gxf5 17. Kh1 Bh6 18. bxc6 bxc6 19. Ng1 Nhg7 20. Nb5 cxb5 21. Bxa8 exf4 22. Bd2 bxc4 23. dxc4 Qxc4 24. Rb8+ Ne8 25. Nh3 N6c7 26. Bxf4 Nxa8 27. Bxh6 Bc6+ 28. Kg1 Qe4 29. Rf3 Rf6 30. Qb3+ Kh8 31. Qc3 Kg8 32. Qxf6 Qe1+ 33. Rf1 1-0

[Event "Fort McMurray op"]
[Site "Fort McMurray CAN"]
[Date "2013.07.07"]
[Round "5"]
[White "Pua, Richard"]
[Black "Van den Born, Ico"]
[Result "0-1"]
[WhiteElo "2089"]
[BlackElo "1789"]
[PlyCount "104"]
[GameId "2160767909339170"]
[EventDate "2013.07.05"]
[EventType "swiss"]
[EventRounds "5"]
[EventCountry "CAN"]

1. d4 Nf6 2. Bg5 Ne4 3. Bf4 d5 4. e3 e6 5. Bd3 Nf6 6. Nf3 c5 7. c4 Nc6 8. O-O Qb6 9. Qb3 Qxb3 10. axb3 Nb4 11. Rd1 Nxd3 12. Rxd3 Bd7 13. Ne5 cxd4 14. exd4 a6 15. Nc3 Rc8 16. Re1 Bb4 17. Re2 Bxc3 18. bxc3 Bc6 19. Nxc6 dxc4 20. bxc4 Rxc6 21. Rb2 b6 22. c5 Nd5 23. Bd6 a5 24. cxb6 Rxb6 25. Rxb6 Nxb6 26. Rd1 Kd7 27. Bf4 Nc4 28. Rb1 Kc6 29. Kf1 Ra8 30. Ke2 a4 31. Kd3 Nb6 32. c4 a3 33. Ra1 a2 34. c5 Nd5 35. Bd2 Ra4 36. Bc3 f5 37. g3 h6 38. h4 Ra3 39. Ke2 Rb3 40. Bd2 Ra3 41. Be3 Nb4 42. Kd2 Kd5 43. Kc1 Kc4 44. c6 Nxc6 45. Kb2 Ra6 46. Rxa2 Rxa2+ 47. Kxa2 Nxd4 48. Kb2 Kd3 49. h5 e5 50. Kc1 Ne2+ 51. Kb2 Nxg3 52. Bc5 Nxh5 0-1

[Event "Gatineau Benevoles"]
[Site "Gatineau CAN"]
[Date "2013.12.10"]
[Round "1"]
[White "Arsenault, Yves"]
[Black "Simard, Paul"]
[Result "1-0"]
[WhiteElo "1567"]
[BlackElo "1199"]
[PlyCount "43"]
[GameId "2160767909208160"]
[EventDate "2013.12.10"]
[EventType "swiss"]
[EventRounds "4"]
[EventCountry "CAN"]
[SourceTitle "EXT 2022"]
[Source "ChessBase"]
[SourceDate "2021.10.06"]
[SourceVersion "1"]
[SourceVersionDate "2021.10.06"]
[SourceQuality "1"]

1. e4 e5 2. Nf3 Nc6 3. Bb5 a6 4. Ba4 b5 5. Bb3 Nf6 6. d3 h6 7. Nc3 Bc5 8. O-O d6 9. a3 O-O 10. h3 Bb7 11. Ne2 Re8 12. Ng3 Ne7 13. Nh4 Bc8 14. Qf3 Be6 15. Bxe6 fxe6 16. Bxh6 Kf7 17. Bg5 Rh8 18. Bxf6 gxf6 19. Nh5 Ng6 20. Nxg6 Kxg6 21. Qg4+ Kf7 22. Qg7+ 1-0

[Event "Gatineau Benevoles"]
[Site "Gatineau CAN"]
[Date "2013.12.10"]
[Round "1"]
[White "Carabineanu, Marcel"]
[Black "Choiniere, Rene"]
[Result "0-1"]
[WhiteElo "1312"]
[BlackElo "1577"]
[PlyCount "40"]
[GameId "2160767909208162"]
[EventDate "2013.12.10"]
[EventType "swiss"]
[EventRounds "4"]
[EventCountry "CAN"]
[SourceTitle "EXT 2022"]
[Source "ChessBase"]
[SourceDate "2021.10.06"]
[SourceVersion "1"]
[SourceVersionDate "2021.10.06"]
[SourceQuality "1"]

1. e4 e6 2. Nc3 d5 3. exd5 exd5 4. d3 Nf6 5. Be3 d4 6. Bg5 dxc3 7. bxc3 Be7 8. d4 O-O 9. Bd3 Re8 10. Ne2 Bg4 11. h3 Bxe2 12. Bxe2 Ne4 13. Bd2 Nxd2 14. Qxd2 Bg5 15. Qd3 Qe7 16. h4 Bh6 17. g4 g6 18. g5 Bg7 19. h5 Qe4 20. Qd2 Qxh1# 0-1